Design and testing of electrical machines (Record no. 23295)

000 -LEADER
fixed length control field 00477nam a22001817a 4500
001 - CONTROL NUMBER
control field 23295
003 - CONTROL NUMBER IDENTIFIER
control field BD-DhUET
008 - FIXED-LENGTH DATA ELEMENTS--GENERAL INFORMATION
fixed length control field 150503b xxu||||| |||| 00| 0 eng d
040 ## - CATALOGING SOURCE
Original cataloging agency DLC
Transcribing agency DLC
Modifying agency BD-DhUET
082 ## - DEWEY DECIMAL CLASSIFICATION NUMBER
Classification number 623.13072
Item number DES/1983
100 ## - MAIN ENTRY--PERSONAL NAME
Personal name Deshpande, M. V.
245 ## - TITLE STATEMENT
Title Design and testing of electrical machines
250 ## - EDITION STATEMENT
Edition statement 1st ed.
260 ## - PUBLICATION, DISTRIBUTION, ETC. (IMPRINT)
Place of publication, distribution, etc. Allahabad
Name of publisher, distributor, etc. Wheeler
Date of publication, distribution, etc. 1983
300 ## - PHYSICAL DESCRIPTION
Extent xvi, 516 p.
Other physical details ill.
650 #0 - SUBJECT ADDED ENTRY--TOPICAL TERM
Topical term or geographic name as entry element Electrical machinery experiments
942 ## - ADDED ENTRY ELEMENTS (KOHA)
Koha item type General Book
Holdings
Koha date last seen Not for loan Date acquired Shelving location Source of classification or shelving scheme Price effective from Koha normalized classification for sorting Sublocation or collection (holding branch) Copy number Damaged status Location (home branch) Withdrawn status Lost status Koha item type Koha full call number Piece designation (barcode)
2015-05-03 2015-05-03Circulation section 2015-05-03623_130720000000000_DES_1983Central Library, BUET1 Central Library, BUET  General Book623.13072/DES/198372434
2015-05-03 2015-05-03Circulation section 2015-05-03623_130720000000000_DES_1983Central Library, BUET2 Central Library, BUET  General Book623.13072/DES/198372432
2016-04-11 2015-05-03Circulation section 2015-05-03623_130720000000000_DES_1983Central Library, BUET3 Central Library, BUET  General Book623.13072/DES/198372431
2015-05-03 2015-05-03Circulation section 2015-05-03623_130720000000000_DES_1983Central Library, BUET4 Central Library, BUET  General Book623.13072/DES/198372433
2015-06-28 2015-06-28Reading section 2015-06-28623_130720000000000_DES_1983Central Library, BUET5 Central Library, BUET  Reading Item623.13072/DES/198372435
2015-06-28 2015-06-28Reading section 2015-06-28623_130720000000000_DES_1983Central Library, BUET6 Central Library, BUET  Reading Item623.13072/DES/198372683